Ensaios (Record no. 142957)
[ view plain ]
| 000 -LÍDER | |
|---|---|
| campo de controle de tamanho fixo | 01103 a2200193 4500 |
| 001 - NÚMERO DE CONTROLE | |
| campo de controle | 142957 |
| 040 ## - FONTE DA CATALOGAÇÃO | |
| Instituição que transcreveu o registro | Leonardo Da Vinci |
| 041 ## - CÓDIGO DE IDIOMA | |
| Código do idioma do texto/trilha sonora ou título diferente | Português |
| 082 ## - CDD - CLASSIFICAÇÃO DECIMAL DE DEWEY | |
| Número de Classificação | 190 P467r |
| Número do exemplar | P467r |
| 100 ## - ENTRADA PRINCIPAL--NOME PESSOAL | |
| Nome pessoal | RYLE, Gilbert |
| -- | AUSTIN, John Langshaw |
| -- | QUINE, Willard van Orman |
| -- | STRAWSON, Peter Frederick |
| 245 ## - TÍTULO | |
| Título | Ensaios |
| 250 ## - EDIÇÃO | |
| Edição | 4.ed |
| 260 ## - PUBLICAÇÃO, DISTRIBUIÇÃO, ETC. | |
| Nome do editor, distribuidor, etc. | Nova Cultural |
| Data da publicação, distribuição, etc. | 1989 |
| Local de publicação, distribuição, etc. | São Paulo |
| 300 ## - DESCRIÇÃO FÍSICA | |
| Extensão | 235 |
| 362 ## - DATAS DE PUBLICAÇÃO E/OU DESIGNAÇÃO SEQUENCIAL | |
| Datas de publicação e/ou designação sequencial | 19890000 |
| 490 ## - TÍTULO DA SÉRIE | |
| Título da série | Os Pensadores |
| 697 ## - ENTRADA DE ASSUNTO LOCAL--ENTIDADE COLETIVA (RLIN) | |
| Nome corporativo ou nome da jurisdição | Filosofia |
| -- | Metafísica |
| -- | Ontologia |
| -- | Expressões sistematicamente enganadoras |
| -- | Categorias |
| -- | Linguagem ordinária |
| -- | Teoria da significação |
| -- | Se, portanto e porque |
| -- | Outras mentes |
| -- | Relatividade ontológica e outros ensaios |
| -- | Falando de objetos |
| -- | Relatividade ontológica |
| -- | Epistemologia naturalizada |
| -- | Existência e quantificação |
| -- | Espécies naturais |
| -- | Objetos proposicionais |
| -- | De um ponto de vista lógico |
| -- | Sobre o que há |
| -- | Dois dogmas do empirismo |
| -- | Identidade, ostensão, hipóstase |
| -- | Escritos lógico-lingüísticos |
| -- | Sobre referir |
| -- | O particular e o geral |
| -- | Referência identificadora |
| -- | Gramática e filosofia |
| -- | Significação e verdade |
| 942 ## - ELEMENTOS DE ENTRADA ADICIONADOS (KOHA) | |
| Tipo de material Koha | Livros |
| Situação do descarte | Situação das perdas | Situação física | Não pode ser emprestado | Biblioteca de origem | Biblioteca atual | Data de aquisição | Total de empréstimos | Número de chamada completo | Código de barras | Data de último acesso | Data do preço efetivo | Tipo de material Koha |
|---|---|---|---|---|---|---|---|---|---|---|---|---|
| Leonardo Da Vinci - Osasco | Leonardo Da Vinci - Osasco | 27/03/2024 | 190 P467r | O010205 | 27/03/2024 | 27/03/2024 | Livros |